00332nam a2200133Ia 4500008004100000020001500041041001200056082001600068100001100084245005400095260002500149300000800174650001600182221030s9999 xx 000 0 und d a0070434484 aEnglish a105.23bBad aB. Ram 0aAdvanced Microprocessors & Interfacingcby B. Ram bTMHaNew Delhic2002 a388 aBE Computer